000 01211nam a22003497a 4500
003 CHAP
005 20220329141431.0
008 971013s1982 r 00010 d
010 _a68066
011 _a69038
035 _a78512
040 _cCHAP
090 _aTesis
100 0 0 _aHernández Dávila, Alvaro Gustavo.
_953951
245 _aDeterminación de tamaño óptimo de parcela para estudios experimentales en dos variedades de papa (Solanum tuberosum L.) en el altiplano central de Guatemala
260 _aGuatemala :
_bEl autor,
_c1982
300 _a57 h.
500 _a26-198
502 _aTesis (Ing. Agrónomo) -- Univ. de San Carlos de Guatemala. Fac. de Agronomía
590 _aALEPH
_b10
_c20130110
_lUCH01
_h1404
590 _aBATCH-UPD
_b10
_c20130110
_lUCH01
_h0631
590 _aBATCH-UPD
_b10
_c20130410
_lUCH01
_h0315
590 _aBATCH-UPD
_b10
_c20130914
_lUCH01
_h1609
590 _aCONVERSION
_b10
_c20130109
_lUCH01
_h1337
650 1 4 _aPapa
_xGuatemala.
_985245
650 1 4 _aPapa
_xRendimiento.
_985284
650 1 4 _aPapa
_xVariedades.
_985300
650 1 4 _aParcelas experimentales.
_985485
901 _aBK
942 _cTESIS
949 _bBC
_cTES
_d-31386
_eTS1
_h20162
_i78512
_si
999 _c68066
_d68066